<?xml version="1.0" encoding="UTF-8"?>
<record
    xmlns:xsi="http://www.w3.org/2001/XMLSchema-instance"
    xsi:schemaLocation="http://www.loc.gov/MARC21/slim http://www.loc.gov/standards/marcxml/schema/MARC21slim.xsd"
    xmlns="http://www.loc.gov/MARC21/slim">

  <leader>00868    a2200181   4500</leader>
  <controlfield tag="001">142474</controlfield>
  <datafield tag="040" ind1=" " ind2=" ">
    <subfield code="c">Leonardo Da Vinci</subfield>
  </datafield>
  <datafield tag="041" ind1=" " ind2=" ">
    <subfield code="a">Portugu&#xEA;s</subfield>
  </datafield>
  <datafield tag="082" ind1=" " ind2=" ">
    <subfield code="a">v216</subfield>
  </datafield>
  <datafield tag="100" ind1=" " ind2=" ">
    <subfield code="a">EDUCACIONAL SHOP VIDEO</subfield>
  </datafield>
  <datafield tag="245" ind1=" " ind2=" ">
    <subfield code="a">Dualidade onda - part&#xED;cula</subfield>
    <subfield code="b">o que &#xE9; luz? ajude os alunos a entender a velha teoria e a nova</subfield>
  </datafield>
  <datafield tag="250" ind1=" " ind2=" ">
    <subfield code="a">v.1-2</subfield>
  </datafield>
  <datafield tag="260" ind1=" " ind2=" ">
    <subfield code="b">ESV</subfield>
    <subfield code="a">S&#xE3;o Paulo</subfield>
  </datafield>
  <datafield tag="490" ind1=" " ind2=" ">
    <subfield code="a">TV Ontario</subfield>
  </datafield>
  <datafield tag="520" ind1=" " ind2=" ">
    <subfield code="a">A dualidade da part&#xED;cula ondulat&#xF3;ria tra&#xE7;a a evolu&#xE7;&#xE3;o das v&#xE1;rias
teorias avan&#xE7;adas para explicar o comportamento da luz. As contibui&#xE7;&#xF5;es
de Isaac Newton, Christian Huygens, Thomas Young, Jean Foucaut, James
Maxwell,Mac Planck, Albert Einstein, Arthur Compton, Geoffrey Taylor e
Louis de Broglie s&#xE3;o ressaltadas</subfield>
  </datafield>
  <datafield tag="697" ind1=" " ind2=" ">
    <subfield code="a">F&#xED;sica</subfield>
    <subfield code="a">Modelo de Onda</subfield>
    <subfield code="a">Modelo de Part&#xED;cula</subfield>
    <subfield code="a">Modelo Eletromagn&#xE9;tico</subfield>
    <subfield code="a">Quantum</subfield>
    <subfield code="a">F&#xF3;tons</subfield>
    <subfield code="a">Ondas de Mat&#xE9;ria</subfield>
  </datafield>
  <datafield tag="942" ind1=" " ind2=" ">
    <subfield code="c">VM</subfield>
  </datafield>
  <datafield tag="952" ind1=" " ind2=" ">
    <subfield code="0">0</subfield>
    <subfield code="1">0</subfield>
    <subfield code="4">0</subfield>
    <subfield code="7">0</subfield>
    <subfield code="a">72.1</subfield>
    <subfield code="b">72.1</subfield>
    <subfield code="d">2024-03-27</subfield>
    <subfield code="l">0</subfield>
    <subfield code="o">v216</subfield>
    <subfield code="p">A0222LVA</subfield>
    <subfield code="r">2024-03-27 22:46:58</subfield>
    <subfield code="w">2024-03-27</subfield>
    <subfield code="y">VM</subfield>
  </datafield>
  <datafield tag="999" ind1=" " ind2=" ">
    <subfield code="c">142474</subfield>
    <subfield code="d">142474</subfield>
  </datafield>
</record>
